| 000 | 00956cam a22002651i 4500 | ||
|---|---|---|---|
| 003 | SA-RiAUC | ||
| 005 | 20241016093826.0 | ||
| 008 | 241015s2009 le g 00000 ara c | ||
| 040 |
_aSA-RiAUC _bara _cSA-RiAUC. _erda |
||
| 082 | 0 | 4 |
_a251.6 _qSA-RiAUC |
| 090 |
_a251.6 _b د ا و |
||
| 100 | 1 |
_aداودي، عبدالقادر _eمؤلف. |
|
| 245 | 1 | 2 |
_aالقواعد الكلية والضوابط في الفقه الإسلامي / _cعبد القادر داوودي. |
| 250 | _aالطبعة الأولى. | ||
| 264 | 1 |
_aبيروت : _bدار ابن حزم، _c2009 |
|
| 300 | _a320 صفحة | ||
| 336 |
_aنص _btxt _2rdacontent _3كتاب |
||
| 337 |
_aبدون وسيط _bn _2rdamedia |
||
| 338 |
_aمجلد _bnc _2rdacarrier |
||
| 563 | _aتجليد فني. | ||
| 650 | 7 |
_aالقواعد الفقهية _2aucsh |
|
| 650 | 7 |
_aأصول الفقه الإسلامي _2aucsh |
|
| 942 |
_2ddc _cBOOK _n0 |
||
| 949 |
_aSA-JeALM _d241015 _umohamedma123 _n1 |
||
| 999 |
_c1421 _d1421 |
||